000 00633nam a2200229Ia 4500
003 OSt
005 20220928115709.0
006 a|||||r|||| 00| 0
007 ta
008 220927b |||||||| |||| 00| 0 eng d
024 _a25737
037 _cReference Collections
040 _aSDCL
_cSDCL
_beng
041 _2eng
_aeng
082 _aO-x, N4 RR
100 _aSharma H D
_9352276
245 0 _aQuotations for all occasions.
260 _aVaranasi
_bIndian Bibliographic Centre
_c1994
300 _axi,325p
_ccm.
942 _hO-x, N4 RR
_cREF
_2CC
999 _c760557
_d760557